Online
Catalog

Salvador Dalí visto por su hermana. / (Record no. 966)

MARC details
000 -CABECERA
campo de control de longitud fija 00745cam a2200217 a 4500
001 - NÚMERO DE CONTROL
campo de control 000000980
005 - FECHA Y HORA DE LA ÚLTIMA TRANSACCIÓN
campo de control 20200929145446.0
008 - DATOS DE LONGITUD FIJA--INFORMACIÓN GENERAL
campo de control de longitud fija 750904s1953 sp ac 000 0 spa
040 ## - FUENTE DE LA CATALOGACIÓN
Centro catalogador/agencia de origen DO-SdBNP
Lengua de catalogación spa
Centro/agencia transcriptor BNPHU
082 ## - NÚMERO DE LA CLASIFICACIÓN DECIMAL DEWEY
Número de clasificación 929
Número de documento/Ítem D143s, 1953
100 1# - ENTRADA PRINCIPAL--NOMBRE DE PERSONA
Nombre de persona Dalí, Ana María.
Numeración 1908-[2009]
9 (RLIN) 3434
245 10 - MENCIÓN DE TÍTULO
Título Salvador Dalí visto por su hermana. /
Mención de responsabilidad, etc. Traducción de María Luz Morales.
250 ## - MENCIÓN DE EDICIÓN
Mención de edición 2a ed.
260 ## - PUBLICACIÓN, DISTRIBUCIÓN, ETC.
Lugar de publicación, distribución, etc. Barcelona :
Nombre del editor, distribuidor, etc. Juventud,
Fecha de publicación, distribución, etc. 1953.
300 ## - DESCRIPCIÓN FÍSICA
Extensión 146 p. :
Otras características físicas il. ;
Dimensiones 23 cm.
490 1# - MENCIÓN DE SERIE
Mención de serie Grandes biografías
490 1# - MENCIÓN DE SERIE
Mención de serie Provenza
Designación de volumen o secuencia no. 101
600 14 - PUNTO DE ACCESO ADICIONAL DE MATERIA--NOMBRE DE PERSONA
Nombre de persona DALÍ, SALVADOR,
Fechas asociadas al nombre 1904-1989.
9 (RLIN) 3435
600 14 - PUNTO DE ACCESO ADICIONAL DE MATERIA--NOMBRE DE PERSONA
Nombre de persona DALÍ, ANA MARÍA,
Fechas asociadas al nombre 1908-[2009]
Subdivisión general CRÍTICA E INTERPRETACIÓN
9 (RLIN) 3436
830 #0 - PUNTO DE ACCESO ADICIONAL DE SERIE-TÍTULO UNIFORME
Título uniforme Grandes biografías,
Nombre de parte o sección de la obra Provenza;
Designación de volumen o secuencia no. 101
9 (RLIN) 3437
Holdings
Estado de retiro Estado de pérdida Restricciones de uso No para préstamo Código de colección Localización permanente Ubicación/localización actual Ubicación en estantería Fecha de adquisición Número de inventario Total de préstamos Signatura topográfica completa Código de barras Fecha visto por última vez Precio válido a partir de Tipo de ítem Koha
    Préstamo interno Préstamo en sala Dominicana de Servicio Biblioteca Nacional Pedro Henríquez Ureña Biblioteca Nacional Pedro Henríquez Ureña En catalogación 18.09.2009 LF1   929 D143s, 1953 980-10 25.06.2020 25.06.2020 Libros y folletos

Powered by Koha